000 00601nam a2200205Ia 4500
003 GCL
008 140319s9999 xx 000 0 eng d
040 _aGCL /
_cGCL
082 0 4 _aCC
_b932
_bF R
100 1 _aAHMED FAKHRY
245 1 0 _aRECENT EXPLORATIONS IN THE OASES OF THE WESTERN DESERT (EXTRAIT DE A.S.A.E TOME 37) /
_cAHMED FAKHRY
260 _a[S.N] :
_bSERVICE DES ANTIQUITES DE L'EGYPTE ،
_c1940
300 _a237 P
650 0 4 _aEGYPTOLOGY
650 0 4 _aOASES - EGYPT
650 0 4 _aDAKHLA OASIS
650 0 4 _aEXPLORATION, OASES OF EGYPT
650 0 4 _aSIWA OASIS
942 _2ddc
_cBK
999 _c20387
_d20387